000 00296nam a22001337a 4500
008 190226b xxu||||| |||| 00| 0 eng d
020 _a9780803620582
041 _aeng
080 _a616-053.2
100 _a8
101 _aPED
245 _aPediatrics Success
_cRichardson, B
942 _2udc
_cBK
999 _c54309
_d54309